Piper Double Glazing Ltd v DC Contracts (Record no. 28761)

MARC details
000 -LEADER
fixed length control field 01641cab a2200265 4500
001 - CONTROL NUMBER
control field ABS50783
008 - FIXED-LENGTH DATA ELEMENTS--GENERAL INFORMATION
fixed length control field 090401t1994 xxu||||| |||| 00| 0 eng d
035 ## - SYSTEM CONTROL NUMBER
System control number (Sirsi) u45253
041 ## - LANGUAGE CODE
Language code of text/sound track or separate title eng
245 ## - TITLE STATEMENT
Title Piper Double Glazing Ltd v DC Contracts
260 ## - PUBLICATION, DISTRIBUTION, ETC.
Date of publication, distribution, etc. 1994
350 ## - PRICE (NR) (BK AM CF MU VM SE) [OBSOLETE]
Price 0
490 ## - SERIES STATEMENT
Series statement Weekly Law Reports
Volume/sequential designation (1994) 1 WLR 777-788(12)
520 ## - SUMMARY, ETC.
Summary, etc. QBD 23 December 1992. Am award of costs in two arbitrations on disputes arising from termination of contracts for the supply and installation of building materials were to be taxed by a taxing master of the Supreme Court. He dismissed the supplier`s (D) written objections to the taxation. D applied for a review of the taxation and whether there was power to allow costs incurred by an unqualified person (claims consultants) in relation to arbitration and the basis of assessment of such costs. Held, it was the intention of the Arbitration Act 1950 s18(2) to permit taxation of any costs ordered to be paid by an arbitrator`s award, including the costs of non-qualified representatives. In relation to such a taxation RSC Order 62 was to be construed as enabling full effect to be given to an arbitrator`s costs order by allowing full recovery of reasonable costs of such representatives reasonably incurred.
650 ## - SUBJECT ADDED ENTRY--TOPICAL TERM
Topical term or geographic name entry element AWARD OF COSTS
650 ## - SUBJECT ADDED ENTRY--TOPICAL TERM
Topical term or geographic name entry element CLAIMS CONSULTANTS
650 ## - SUBJECT ADDED ENTRY--TOPICAL TERM
Topical term or geographic name entry element CONSTRUCTION DISPUTES
650 ## - SUBJECT ADDED ENTRY--TOPICAL TERM
Topical term or geographic name entry element COSTS
650 ## - SUBJECT ADDED ENTRY--TOPICAL TERM
Topical term or geographic name entry element JAMES R KNOWLES
650 ## - SUBJECT ADDED ENTRY--TOPICAL TERM
Topical term or geographic name entry element REPRESENTATION
650 ## - SUBJECT ADDED ENTRY--TOPICAL TERM
Topical term or geographic name entry element TAXATION
690 ## - LOCAL SUBJECT ADDED ENTRY--TOPICAL TERM (OCLC, RLIN)
Topical term or geographic name as entry element MANAGEMENT-DISPUTE AVOIDANCE, MANAGEMENT AND RESOLUTION-DISPUTE MANAGEMENT AND RESOLUTION-ARBITRATION
942 ## - ADDED ENTRY ELEMENTS (KOHA)
Suppress in OPAC 0
948 ## - LOCAL PROCESSING INFORMATION (OCLC); SERIES PART DESIGNATOR (RLIN)
c (OCLC) 04/03/1997
Holdings
Withdrawn status Lost status Source of classification or shelving scheme Damaged status Not for loan Home library Current library Shelving location Date acquired Total Checkouts Full call number Barcode Date last seen Copy number Price effective from Koha item type
    Dewey Decimal Classification     London London Journal article 14/09/1999   ABS50783 45253-1001 06/08/2019 1 06/08/2019 Law report